LEADER 01377nam2-2200397li-450 001 990000218920203316 005 20180312154838.0 010 $a3-540-63716-8 035 $a0021892 035 $aUSA010021892 035 $a(ALEPH)000021892USA01 035 $a0021892 100 $a2001998031997-------y0itay0103----ba 101 0 $aeng 102 $aGW 200 1 $aAtomic physics methods in modern research$eselection of papers dedicated to Gisbert zu Pulitz on the occasion ofhis 65th birthday$fK. Jungmann ... [et al.] (eds.) 210 $aBerlino$cSpringer-Verlag$dcopyr. 1997 215 $aIX, 448 p.$cill.$d23 cm 225 2 $aLecture notes in physics$v499 410 0$1001000315105$12001$aLecture notes in physics$v499 610 1 $aFisica atomica 676 $a5397$9Fisica atomica e nucleare 702 1$aJungmann,$bKlaus Peter 801 $aSistema bibliotecario di Ateneo dell' Università di Salerno$gRICA 912 $a990000218920203316 951 $a530 LNP (499)$b21144/cbs$c530$d00223113 959 $aBK 969 $aSCI 979 $c19980303 979 $c20001110$lUSA01$h1714 979 $c20020403$lUSA01$h1630 979 $aPATRY$b90$c20040406$lUSA01$h1616 979 $aPATRY$b90$c20070626$lUSA01$h1524 979 $aRSIAV7$b90$c20090618$lUSA01$h1147 996 $aAtomic physics methods in modern research$91502067 997 $aUNISA LEADER 00925nam a22002411i 4500 001 991002296579707536 005 20040301095016.0 008 040407s1972 gw |||||||||||||||||ger 035 $ab12901076-39ule_inst 035 $aARCHE-088069$9ExL 040 $aDip.to Filologia Class. e Scienze Filosofiche$bita$cA.t.i. Arché s.c.r.l. Pandora Sicilia s.r.l. 082 04$a737 100 1 $aHoltz, Walter$0486438 245 10$aAbkürzungen auf Münzen :$bDeutung und Erläuterung /$cvon W. Holtz 260 $aBraunschweig :$bKlinkhardt & Biermann,$cc1972 300 $a120 p. ;$c26 cm 650 4$aNumismatica 907 $a.b12901076$b02-04-14$c16-04-04 912 $a991002296579707536 945 $aLE007 737 HOL 01 01$g1$i2015000083067$lle007$o-$pE0.00$q-$rl$s- $t0$u0$v0$w0$x0$y.i13466434$z16-04-04 996 $aAbkürzungen auf Münzen$9306039 997 $aUNISALENTO 998 $ale007$b16-04-04$cm$da $e-$fger$ggw $h0$i1